Library Banner

سیاہ ست (Record no. 74854)

MARC details
000 -LEADER
fixed length control field 00370nam a22001457a 4500
005 - DATE AND TIME OF LATEST TRANSACTION
control field 20150821113835.0
008 - FIXED-LENGTH DATA ELEMENTS--GENERAL INFORMATION
fixed length control field 150821b xxu||||| |||| 00| 0 eng d
040 ## - CATALOGING SOURCE
Transcribing agency PK-LaUMT
082 ## - DEWEY DECIMAL CLASSIFICATION NUMBER
Classification number KHC 320
Item number HAS-S
100 ## - MAIN ENTRY--PERSONAL NAME
Personal name حسن ظہیر
245 ## - TITLE STATEMENT
Title سیاہ ست
Statement of responsibility, etc حسن ظہیر
260 ## - PUBLICATION, DISTRIBUTION, ETC. (IMPRINT)
Place of publication, distribution, etc کراچی
Name of publisher, distributor, etc ادارہ ترویج
Date of publication, distribution, etc 1997
300 ## - PHYSICAL DESCRIPTION
Extent 176 ص
942 ## - ADDED ENTRY ELEMENTS (KOHA)
Koha item type Books
Holdings
Withdrawn status Lost status Damaged status Home library Current library Date acquired Full call number Barcode Date last seen Price effective from Koha item type
      UMT Main Campus UMT Main Campus 2015-08-21 KHC 320 HAS-S 70662 2015-08-21 2015-08-21 Books